| 000 | 00471 a2200157 4500 | ||
|---|---|---|---|
| 001 | 67314 | ||
| 020 | _a8530805941 | ||
| 040 | _cAnchieta - Pituba | ||
| 100 | _aMasetto, Marcos T. | ||
| 240 | 1 | 0 |
_aNovas tecnologias e mediação pedagógica _lpor |
| 245 | 1 | 0 | _aNovas tecnologias e mediação pedagógica |
| 300 | _a173 | ||
| 362 | 0 | _a2000 | |
| 650 | 4 | _aEquipamento e material de ensino / Experiências / Avaliação através de materiais de uso do aluno | |
| 942 | _cBK | ||
| 999 |
_c67314 _d67314 |
||